[Event "Florianopolis op 5th"]
[Site "Florianopolis"]
[Date "2019.01.22"]
[Round "2"]
[White "Rangel, Daniel"]
[Black "Ramos Angelo, B."]
[Result "1/2-1/2"]
[WhiteElo "2322"]
[BlackElo "1948"]
[PlyCount "88"]
[EventDate "2019.01.21"]
[EventType "swiss"]
[EventRounds "10"]
[EventCountry "BRA"]
[SourceTitle "CBM 188 Extra"]
[Source "ChessBase"]
[SourceDate "2019.02.26"]
[SourceVersion "1"]
[SourceVersionDate "2019.02.26"]
[SourceQuality "1"]

1. Nf3 Nf6 2. d4 g6 3. e3 Bg7 4. Be2 0-0 5. 0-0 b6 6. b3 Bb7 7. Bb2 d6 8. c4 Nbd7 9. d5 c6 10. dxc6 Bxc6 11. Nd4 Bb7 12. Bf3 Qc8 13. Nc3 Nc5 14. Rc1 Nce4 15. Nd5 Qd7 16. Qc2 Ng5 17. Nxf6+ Bxf6 18. Bxb7 Qxb7 19. f3 Qd7 20. Rf2 Rac8 21. Qb1 Ne6 22. Qa1 Nc5 23. Rd1 Qb7 24. Re2 Rfd8 25. e4 a6 26. Nc2 Bxb2 27. Qxb2 b5 28. Ne3 bxc4 29. Nxc4 Ne6 30. Qd2 Rc5 31. Qe3 Rdc8 32. Red2 a5 33. Nb2 Rc3 34. Qf2 Rc1 35. Nd3 Rxd1+ 36. Rxd1 Qc7 37. g3 Qb7 38. Rc1 Rxc1+ 39. Nxc1 Qb5 40. Ne2 Qd3 41. Kg2 g5 42. Ng1 Nd4 43. Qf1 Qd2+ 44. Qf2 Qd3 1/2-1/2